Stalking a jeho trestnoprávne súvislosti
Pojem stalking, jeho definícia, typológia páchateľov trestného činu nebezpečného prenasledovania. Nová podoba stalkingu tzv. cyber-stalking. Právna úprava trestného činu nebezpečného prenasledovania v Slovenskej a Českej republike. Prax OČTK s trestným činom nebezpečného prenasledovania v súvislos...
Guardado en:
| Autor principal: | |
|---|---|
| Otros Autores: | |
| Formato: | Capítulo de libro |
| Lenguaje: | eslovaco |
| Materias: | |
| Etiquetas: |
Sin Etiquetas, Sea el primero en etiquetar este registro!
|
MARC
| LEADER | 00000naa a2200000 4500 | ||
|---|---|---|---|
| 001 | 0256132 | ||
| 005 | 20200624094900.7 | ||
| 041 | 0 | |a slo | |
| 044 | |a SK | ||
| 245 | 1 | 0 | |a Stalking a jeho trestnoprávne súvislosti |c Tomáš Strémy, Lukáš Turay |
| 520 | |a Pojem stalking, jeho definícia, typológia páchateľov trestného činu nebezpečného prenasledovania. Nová podoba stalkingu tzv. cyber-stalking. Právna úprava trestného činu nebezpečného prenasledovania v Slovenskej a Českej republike. Prax OČTK s trestným činom nebezpečného prenasledovania v súvislosti s výkladom kvalifikačných pojmov. | ||
| 610 | 2 | 0 | |a činnosť trestná |
| 610 | 2 | 0 | |a Slovensko |
| 610 | 2 | 0 | |a Česko |
| 610 | 2 | 0 | |a bezpečnosť informačná |
| 610 | 2 | 0 | |a ochrana údajov osobných |
| 100 | 1 | |a Strémy, Tomáš | |
| 700 | 1 | |a Turay, Lukáš | |